Phương pháp đọc và ghi chép nhạc Giáo trình đào tạo giáo viên Trung học cơ sở hệ Cao đẳng Sư phạm

Guardat en:
Dades bibliogràfiques
Autor principal: Nguyễn, Minh Toàn
Altres autors: Nguyễn Đắc Quỳnh (Tác giả)
Format: Llibre
Idioma:Vietnamese
Publicat: H. Giáo dục 1998
Matèries:
Etiquetes: Afegir etiqueta
Sense etiquetes, Sigues el primer a etiquetar aquest registre!
Thư viện lưu trữ: Mạng thư viện Đại học Đà Nẵng
LEADER 01174nam a2200349 4500
001 000013992
003 10344
005 20120328070312.0
008 120328s1998 viesd
020 |c 15200đ 
041 0 |a vie 
082 |a 780.7  |b NG-T 
100 0 |a Nguyễn, Minh Toàn 
245 0 |a Phương pháp đọc và ghi chép nhạc  |b Giáo trình đào tạo giáo viên Trung học cơ sở hệ Cao đẳng Sư phạm  |c Nguyễn Minh Toàn, Nguyễn Đắc Quỳnh 
260 |a H.  |b Giáo dục  |c 1998 
300 |a 291 tr.  |c 19 cm 
653 |a Phương pháp 
653 |a Đọc 
653 |a Ghi chép 
653 |a Nhạc 
700 |a Nguyễn Đắc Quỳnh  |e Tác giả 
910 |a Duyên 
OWN |a LSP 
AVA |a UDN50  |b LSP  |d 780.7 NG-T  |e available  |t Error 5001 Not defined in file expand_doc_bib_avail.  |f 1  |g 0  |h N  |i 0  |k 1 
999 |a From the UDN01 
AVA |a UDN50  |b LSP  |d 780.7 NG-T  |e available  |t Error 5001 Not defined in file expand_doc_bib_avail.  |f 1  |g 0  |h N  |i 0  |k 1 
TYP |a Monograph 
TYP |a Printed language 
980 |a Mạng thư viện Đại học Đà Nẵng